000 00497pab a2200181 454500
008 180718b2011 xxu||||| |||| 00| 0 eng d
100 _aHill, Elizabeth
245 _aExpanding the school market in India: Parental choice and the reproduction of social inequality
260 _c2011
300 _ap.98-105.
362 _a27 Aug
650 _aSchools
700 _aDasgupta, Shyamsree
700 _aSamson, Meera
773 _aEconomic and Political Weekly
908 _aN
909 _a94121
999 _c94121
_d94121